The elderly in the Philippines / (Record no. 354789)
[ view plain ]
| 000 -LEADER | |
|---|---|
| fixed length control field | 00351nam a2200109Ia 4500 |
| 008 - FIXED-LENGTH DATA ELEMENTS--GENERAL INFORMATION | |
| fixed length control field | 180205s9999 xx 000 0 und d |
| 020 ## - INTERNATIONAL STANDARD BOOK NUMBER | |
| International Standard Book Number | 9715060315 |
| 100 ## - MAIN ENTRY--PERSONAL NAME | |
| Personal name | De-Tavera, Mita Pardo |
| 245 #4 - TITLE STATEMENT | |
| Title | The elderly in the Philippines / |
| 260 ## - PUBLICATION, DISTRIBUTION, ETC. (IMPRINT) | |
| Place of publication, distribution, etc | Manila, Philippines |
| Name of publisher, distributor, etc | Social research center university of Santo tomas manila : |
| Date of publication, distribution, etc | 1989 |
| 300 ## - PHYSICAL DESCRIPTION | |
| Extent | 204 pages |
| Withdrawn status | Lost status | Damaged status | Home library | Current library | Shelving location | Date acquired | Source of acquisition | Total Checkouts | Full call number | Barcode | Date last seen | Price effective from | Koha item type |
|---|---|---|---|---|---|---|---|---|---|---|---|---|---|
| College Library | College Library | Filipiniana Section | 02/05/2018 | Library Fund | HV 1484.P6 .Un3 1989 | C0788 | 05/08/2018 | 02/05/2018 | Books |